Uhlig's corrosion handbook /
This book is about: Basics of corrosion science and engineering; Nonmetals; Metals; Corrosion protection; Testing for corrosion resistance; ...
Zapisane w:
| Format: | Książka |
|---|---|
| Język: | English |
| Wydane: |
New York :
John Wiley and Sons,
2000.
|
| Wydanie: | 2nd ed. |
| Hasła przedmiotowe: | |
| Etykiety: |
Dodaj etykietę
Nie ma etykietki, Dołącz pierwszą etykiete!
|
| Thư viện lưu trữ: | Mạng thư viện Đại học Đà Nẵng |
|---|
| LEADER | 01270cam a2200361 i 4500 | ||
|---|---|---|---|
| 001 | 000049063 | ||
| 003 | 8791 | ||
| 005 | 20051111142345.0 | ||
| 008 | 010324b2000 vm 000 eng | ||
| 020 | |a 0471157775 | ||
| 040 | |a IRC |c IRC |d IRC | ||
| 041 | 0 | |a eng | |
| 082 | 1 | 4 | |a 620.11223 |b Uh-C |
| 245 | 0 | 0 | |a Uhlig's corrosion handbook / |c edited by R. Winston Revie. |
| 250 | |a 2nd ed. | ||
| 260 | |a New York : |b John Wiley and Sons, |c 2000. | ||
| 300 | |a 1302 p. ; |c 25cm. | ||
| 520 | 3 | |a This book is about: Basics of corrosion science and engineering; Nonmetals; Metals; Corrosion protection; Testing for corrosion resistance; ... | |
| 630 | 0 | 4 | |a Corrosion. |
| 630 | 0 | 4 | |a Anti-corrosives. |
| 650 | 0 | 4 | |a Corrosion and anti-corrosives |v Handbooks, manuals, etc. |
| OWN | |a DUT | ||
| AVA | |a UDN50 |b DUT |c Book |d 620.11223 Uh-C |e available |t Error 5001 Not defined in file expand_doc_bib_avail. |f 1 |g 0 |h N |i 0 |j SH |k 1 | ||
| 999 | |a From the UDN01 | ||
| AVA | |a UDN50 |b DUT |c Book |d 620.11223 Uh-C |e available |t Error 5001 Not defined in file expand_doc_bib_avail. |f 1 |g 0 |h N |i 0 |j SH |k 1 | ||
| TYP | |a Monograph | ||
| TYP | |a Printed language | ||
| 980 | |a Mạng thư viện Đại học Đà Nẵng | ||


